2025 EFL Teams - Statistics

General Stats
  • This quiz has been taken 17 times
  • The average score is 79 of 92
Answer Stats
League Team % Correct
Premier League Arsenal
100%
Premier League Aston Villa
100%
Championship Blackburn Rovers
100%
League One Blackpool
100%
Premier League Bournemouth
100%
Championship Burnley
100%
Premier League Chelsea
100%
Premier League Crystal Palace
100%
Premier League Fulham
100%
Premier League Ipswich Town
100%
Championship Leeds United
100%
Premier League Leicester City
100%
Premier League Liverpool
100%
Premier League Manchester City
100%
Premier League Manchester United
100%
Championship Middlesbrough
100%
Premier League Newcastle
100%
Premier League Nottingham Forest
100%
Championship Oxford United
100%
Premier League Southampton
100%
Championship Sunderland
100%
Premier League Tottenham Hotspur
100%
Championship West Brom
100%
Premier League West Ham
100%
Premier League Wolves
100%
League One Wrexham
100%
League One Bolton
92%
Premier League Brentford
92%
Premier League Brighton
92%
Championship Bristol City
92%
League One Cambridge United
92%
Championship Cardiff City
92%
League One Charlton Athletic
92%
Championship Coventry
92%
League Two Crewe Alexandra
92%
Championship Derby County
92%
Premier League Everton
92%
League One Huddersfield Town
92%
Championship Hull City
92%
Championship Luton Town
92%
League One Mansfield Town
92%
Championship Millwall
92%
Championship Norwich City
92%
Championship Plymouth Argyle
92%
Championship Portsmouth
92%
Championship Preston North End
92%
Championship Queens Park Rangers
92%
Championship Sheffield United
92%
Championship Sheffield Wednesday
92%
Championship Stoke City
92%
Championship Swansea City
92%
League One Wycombe Wanderers
92%
League Two Accrington Stanley
83%
League One Birmingham
83%
League Two Bradford City
83%
League Two Cheltenham Town
83%
League Two Chesterfield
83%
League One Crawley Town
83%
League One Lincoln City
83%
League Two Morecambe
83%
League One Reading
83%
League One Stockport County
83%
Championship Watford
83%
League Two Wimbledon
83%
League One Bristol Rovers
75%
League Two Bromley
75%
League One Burton Albion
75%
League Two Colchester United
75%
League One Exeter City
75%
League Two Gillingham
75%
League Two Harrogate Town
75%
League One Leyton Orient
75%
League Two Newport County
75%
League One Peterborough United
75%
League Two Salford City
75%
League Two Walsall
75%
League One Wigan Athletic
75%
League One Barnsley
67%
League Two Carlisle United
67%
League Two Doncaster Rovers
67%
League Two Fleetwood Town
67%
League Two Notts County
67%
League Two Port Vale
67%
League Two Swindon Town
67%
League Two Tranmere Rovers
67%
League Two Barrow
58%
League One Northampton Town
58%
League One Rotherham United
58%
League One Stevenage
58%
League Two Grimsby Town
50%
League One Shrewsbury Town
50%
League Two Milton Keynes Dons
33%
No matching quizzes found
Score Distribution
Percent of People with Each Score
Percentile by Number Answered
Your Score History
You have not taken this quiz